ARRUPE JESUIT UNIVERSITY

CORONAVIRUS -STOP THE SPREAD - CLEAN,DISINFECT,COVER

The reality of the kingdom : (Record no. 119915)

MARC details
000 -LEADER
fixed length control field 00907cam a2200253 a 4500
001 - CONTROL NUMBER
control field 3050656
003 - CONTROL NUMBER IDENTIFIER
control field ARRUPE
005 - DATE AND TIME OF LATEST TRANSACTION
control field 20140204143146.0
008 - FIXED-LENGTH DATA ELEMENTS--GENERAL INFORMATION
fixed length control field 960123s1996 miu 000 0 eng
010 ## - LIBRARY OF CONGRESS CONTROL NUMBER
LC control number 96002477
020 ## - INTERNATIONAL STANDARD BOOK NUMBER
International Standard Book Number 0802808670 (alk. paper)
040 ## - CATALOGING SOURCE
Original cataloging agency DLC
Transcribing agency DLC
Modifying agency DLC
050 00 - LIBRARY OF CONGRESS CALL NUMBER
Classification number BT94
Item number .C55 1996
082 00 - DEWEY DECIMAL CLASSIFICATION NUMBER
Classification number 132.7/2
Edition number 20
300 ## - PHYSICAL DESCRIPTION
Dimensions 22 cm.
100 1# - MAIN ENTRY--PERSONAL NAME
Personal name Clifford, Paul Rowntree.
9 (RLIN) 7848
245 14 - TITLE STATEMENT
Title The reality of the kingdom :
Remainder of title making sense of God's reign in a world like ours /
Statement of responsibility, etc Paul Rowntree Clifford.
260 ## - PUBLICATION, DISTRIBUTION, ETC. (IMPRINT)
Place of publication, distribution, etc Grand Rapids, MI :
Name of publisher, distributor, etc William B. Eerdmans,
Date of publication, distribution, etc c1996.
300 ## - PHYSICAL DESCRIPTION
Extent viii, 133 p. ;
650 #0 - SUBJECT ADDED ENTRY--TOPICAL TERM
Topical term or geographic name as entry element Kingdom of God.
9 (RLIN) 7849
650 #0 - SUBJECT ADDED ENTRY--TOPICAL TERM
Topical term or geographic name as entry element Christianity
Chronological subdivision 20th century.
9 (RLIN) 7850
906 ## - LOCAL DATA ELEMENT F, LDF (RLIN)
a 7
b cbc
c orignew
d 1
e ocip
f 19
g y-gencatlg
942 ## - ADDED ENTRY ELEMENTS (KOHA)
Source of classification or shelving scheme Library of Congress Classification
Koha item type Monograph ( Printed materials)
Holdings
Withdrawn status Lost status Source of classification or shelving scheme Damaged status Not for loan Collection code Home library Current library Shelving location Date acquired Total Checkouts Full call number Barcode Date last seen Price effective from Koha item type
    Library of Congress Classification     Main Collection ARRUPE LIBRARY ARRUPE LIBRARY Main Collection 04/02/2014   BT94 .C55 1996 46411963 11/01/2017 04/02/2014 Monograph ( Printed materials)

 

Arrupe Library. PO Box MP320 Mt Pleasant, Harare, Zimbabwe
263 242 745411|librarian@aju.ac.zw